Normale Ansicht MARC-Ansicht

Eintrag Körperschaftsname

Verwendet in 1 Titel(n)

001 - Kontrollnummer

  • Kontrollfeld: 3093

003 - Kontrollnummer Identifier

  • Kontrollfeld: RU-10907106

005 - Datum und Zeit der letzten Transaktion

  • Kontrollfeld: 20220225120258.0

008 - Datenelemente mit fester Länge

  • Kontrollfeld mit fester Länge: 220225|| aca||aabn | a|a d

040 ## - Katalogisierungsquelle

  • Original-Katalogisierungsstelle: RU-10907106
  • Übertragungsstelle: RU-10907106

110 ## - Ansetzung - Körperschaftsname

  • Körperschafts- oder Gebietskörperschaftsname als Eintragungselement: Parteihochschule "Karl Marx" beim ZK der SED

670 ## - Datenquelle

  • Quellenangabe: Work cat.: (RU-10907106)57049: Vietzke, Siegfried Verfasser aut 3091, Deutschland zwischen Sozialismus und Imperialismus